Guess HYBE Group Members - Statistics

General Stats
  • This quiz has been taken 241 times
  • The average score is 52 of 83
Answer Stats
Hint Answer % Correct
Seventeen Jun
98%
BTS V
98%
BTS Jungkook
97%
BTS RM
97%
BTS Jimin
96%
BTS Suga
95%
BTS Jhope
94%
BTS Jin
94%
Enhypen Jake
93%
TXT Yeonjun
93%
Enhypen Jay
92%
Enhypen Jungwon
91%
&Team K
91%
BoyNextDoor Sungho
91%
TXT Taehyun
91%
TXT Huening Kai
90%
TXT Beomgyu
89%
TXT Soobin
89%
Enhypen Sunghoon
89%
Enhypen Sunoo
89%
Seventeen Scoups
82%
&Team Jo
81%
New Jeans Hanni
80%
New Jeans Danielle
79%
Seventeen Mingyu
79%
Seventeen Joshua
78%
Seventeen The8
78%
Seventeen Vernon
78%
Seventeen Dino
77%
Seventeen Dk
77%
Seventeen Hoshi
77%
Lesserafim Sakura
77%
Lesserafim Chaewon
76%
Lesserafim Eunchae
76%
Lesserafim Yunjin
75%
Lesserafim Kazuha
74%
Seventeen Woozi
74%
New Jeans Haerin
73%
Enhypen Heesung
72%
New Jeans Minji
72%
Seventeen Wonwoo
72%
Seventeen Seungkwan
71%
New Jeans Hyein
70%
Seventeen Jeonghan
70%
Enhypen Riki
64%
ILLIT Wonhee
58%
BoyNextDoor Jaehyun
57%
ILLIT Iroha
55%
ILLIT Minju
55%
ILLIT Moka
55%
BoyNextDoor Taesan
53%
&Team TAKI
50%
ILLIT Yunah
50%
BoyNextDoor Leehan
49%
BoyNextDoor Woonhak
49%
&Team Maki
48%
BoyNextDoor Riwoo
48%
&Team EJ
43%
&Team Nicholas
43%
&Team Fuma
40%
&Team Yuma
38%
Gfriend SinB
37%
TWS Dohoon
36%
TWS Shinyu
36%
Gfriend Eunha
35%
TWS Kyungmin
35%
Gfriend Umji
35%
TWS Jihoon
32%
Gfriend Yuju
32%
TWS Hanjin
31%
Fromis_9 Saerom
31%
Fromis_9 Chaeyoung
30%
TWS Youngjae
30%
Fromis_9 Jiheon
29%
Gfriend Sowon
29%
Fromis_9 Jiwon
28%
Fromis_9 Nagyung
26%
Fromis_9 Gyuri
25%
Gfriend Yerin
25%
Fromis_9 Seoyeon
24%
Fromis_9 Hayoung
23%
Fromis_9 Jisun
23%
&Team Hurua
5%
No matching quizzes found
Score Distribution
Percent of People with Each Score
Percentile by Number Answered
Your Score History
You have not taken this quiz